El sector público

Guardado en:
Detalles Bibliográficos
Autor principal: Haveman, Robert H (Autor)
Formato: Libro
Lenguaje:español
Publicado: Buenos Aires Amorrortu 1972
Materias:
Etiquetas: Agregar Etiqueta
Sin Etiquetas, Sea el primero en etiquetar este registro!

MARC

LEADER 00000nam a2200000 a 4500
001 UCR7904
003 CL-VaPUC
008 980519e19720000AG |||||||||||||||||spa|d
082 0 4 |a 336  |b HAV  |2 21 
100 |a Haveman, Robert H  |e author  |9 375982 
245 1 3 |a El sector público 
300 |a 264 p 
942 |c BK 
945 |d 19980519 00:00:00  |a crobeson 
260 |a Buenos Aires  |b Amorrortu  |c 1972 
650 0 |a Hacienda pública  |9 258673 
650 7 |a ECONOMIA NACIONAL  |2 CL-VaPUC  |9 338222 
650 0 |a Finanzas  |9 260832 
650 0 |a Política fiscal  |9 317354 
650 7 |a PRESUPUESTO NACIONAL  |2 CL-VaPUC  |9 338436 
583 |a last modification  |c 19980519 00:00:00  |k Rodrigo Vera 
999 |c 269482  |d 269480 
952 |0 0  |1 0  |4 0  |6 336_000000000000000_HAV_1972  |7 0  |8 A  |9 303232  |a BIBENE  |b BIBENE  |d 2019-11-20  |i 1999672  |o 336 HAV 1972  |p 1999672  |r 2025-01-15  |w 2019-11-20  |y BK  |k ICO